[Event "Bad Woerishofen Seniors op 30th"]
[Site "Bad Woerishofen"]
[Date "2014.03.27"]
[Round "7"]
[White "Kuhn, Hans"]
[Black "Schulz, Franz"]
[Result "1-0"]
[WhiteElo "1561"]
[BlackElo "1670"]
[PlyCount "55"]
[EventDate "2014.03.21"]
[EventType "swiss"]
[EventRounds "9"]
[EventCountry "GER"]
[SourceTitle "EXT 2019"]
[Source "ChessBase"]
[SourceDate "2018.10.10"]
[SourceVersion "1"]
[SourceVersionDate "2018.10.10"]
[SourceQuality "1"]

1. e4 e5 2. Nf3 Nc6 3. Be2 Nf6 4. d3 Be7 5. h3 0-0 6. Be3 d5 7. exd5 Nxd5 8. Bd2 Bf6 9. Nc3 Nd4 10. Ne4 Re8 11. Nxd4 exd4 12. Nxf6+ Qxf6 13. h4 Nf4 14. Bxf4 Qxf4 15. Kf1 Rb8 16. g3 b6 17. gxf4 Bb7 18. Bf3 c5 19. Bxb7 Rxb7 20. Kg2 Re6 21. Kf3 h5 22. Qd2 Rc7 23. Rae1 Rec6 24. Re8+ Kh7 25. Rhe1 c4 26. Qe2 cxd3 27. Qxd3+ g6 28. Qxd4 1-0

[Event "Bayern-chB 80th"]
[Site "Immenstadt"]
[Date "2009.08.22"]
[Round "1"]
[White "Kuhn, Hans"]
[Black "Knoll, Georg"]
[Result "0-1"]
[WhiteElo "1222"]
[BlackElo "1934"]
[PlyCount "96"]
[EventDate "2009.08.22"]
[EventType "swiss"]
[EventRounds "9"]
[EventCountry "GER"]
[SourceTitle "EXT 2015"]
[Source "ChessBase"]
[SourceDate "2014.11.20"]
[SourceVersion "1"]
[SourceVersionDate "2014.11.20"]
[SourceQuality "1"]

1. e4 c5 2. Nf3 Nc6 3. Nc3 g6 4. d4 cxd4 5. Nxd4 Bg7 6. Be3 Nf6 7. Be2 0-0 8. 0-0 a6 9. Qd2 Qa5 10. Nb3 Qc7 11. Rad1 b5 12. f3 d6 13. Bh6 Be6 14. Bxg7 Kxg7 15. Qe3 Bxb3 16. cxb3 Qa7 17. Kf2 Rfc8 18. a3 Rc7 19. b4 Rac8 20. Rd2 h5 21. Qxa7 Rxa7 22. Ke3 Ne5 23. Rc2 g5 24. h3 Rc6 25. Rfc1 Rac7 26. Bd3 e6 27. Kd2 h4 28. Ne2 Rxc2+ 29. Rxc2 Ne8 30. Nd4 Nxd3 31. Rxc7 Nxc7 32. Kxd3 Kf6 33. Nc6 e5 34. Na5 Ke6 35. Nb3 f5 36. Nc1 Ne8 37. Ne2 Nf6 38. Nc3 Nh5 39. exf5+ Kd7 40. Ne4 Nf4+ 41. Kd2 Nxg2 42. Nxg5 Ke7 43. Ne4 d5 44. Nc5 Nf4 45. Nxa6 Nxh3 46. Nc7 Nf4 47. Ke3 h3 48. Kf2 h2 0-1

[Event "Bad Woerishofen op 23th"]
[Site "Bad Woerishofen"]
[Date "2007.03.08"]
[Round "1"]
[White "Kuhn, Hans"]
[Black "Pohlers, Juergen"]
[Result "0-1"]
[WhiteElo "1254"]
[BlackElo "2102"]
[PlyCount "60"]
[EventDate "2007.03.08"]
[EventType "swiss"]
[EventRounds "9"]
[EventCountry "GER"]
[SourceTitle "EXT 2022"]
[Source "ChessBase"]
[SourceDate "2021.10.06"]
[SourceVersion "1"]
[SourceVersionDate "2021.10.06"]
[SourceQuality "1"]

1. e4 c5 2. Nf3 Nc6 3. d4 cxd4 4. Nxd4 e5 5. Nxc6 bxc6 6. Bc4 Nf6 7. f3 Bc5 8. Qe2 0-0 9. Be3 Bxe3 10. Qxe3 d5 11. exd5 cxd5 12. Bb3 d4 13. Qd3 Qa5+ 14. Nd2 Ba6 15. Bc4 Bxc4 16. Qxc4 Rab8 17. 0-0-0 Rfc8 18. Qd3 Qxa2 19. Qa3 Qxa3 20. bxa3 Rc3 21. Nb1 Rc5 22. Kd2 Rb2 23. Rc1 Nd5 24. Rhe1 f6 25. g3 Kf7 26. h4 Nc3 27. f4 Na2 28. fxe5 fxe5 29. Rf1+ Ke6 30. Rf3 Nxc1 0-1

[Event "Bayern-chB 77th"]
[Site "Bad Woerishofen"]
[Date "2006.09.01"]
[Round "8"]
[White "Dierich, Jochen"]
[Black "Kuhn, Hans"]
[Result "1-0"]
[WhiteElo "1849"]
[BlackElo "1264"]
[PlyCount "61"]
[EventDate "2006.08.26"]
[EventType "swiss"]
[EventRounds "9"]
[EventCountry "GER"]
[SourceTitle "EXT 2015"]
[Source "ChessBase"]
[SourceDate "2014.11.20"]
[SourceVersion "1"]
[SourceVersionDate "2014.11.20"]
[SourceQuality "1"]

1. Nf3 d5 2. g3 Nf6 3. Bg2 c6 4. 0-0 Bg4 5. d3 Nbd7 6. Nbd2 e5 7. e4 dxe4 8. dxe4 Bc5 9. c3 0-0 10. b4 Bb6 11. Bb2 a5 12. Qc2 h6 13. Nc4 a4 14. Nfxe5 Bc7 15. Nxg4 Nxg4 16. Rad1 b5 17. Bh3 h5 18. Bxg4 hxg4 19. Ne3 Qe7 20. Nxg4 Ne5 21. Nxe5 Bxe5 22. f4 Bc7 23. a3 Qe6 24. f5 Qh6 25. c4 Rfe8 26. Rfe1 f6 27. Kg2 Kf7 28. Bc1 g5 29. Rh1 Qg7 30. cxb5 g4 31. Qc4+ 1-0

[Event "Bayern-chB 77th"]
[Site "Bad Woerishofen"]
[Date "2006.08.30"]
[Round "6"]
[White "Lang, Ludwig"]
[Black "Kuhn, Hans"]
[Result "0-1"]
[WhiteElo "1086"]
[BlackElo "1264"]
[PlyCount "84"]
[EventDate "2006.08.26"]
[EventType "swiss"]
[EventRounds "9"]
[EventCountry "GER"]
[SourceTitle "EXT 2015"]
[Source "ChessBase"]
[SourceDate "2014.11.20"]
[SourceVersion "1"]
[SourceVersionDate "2014.11.20"]
[SourceQuality "1"]

1. e4 e5 2. Nf3 d6 3. d4 exd4 4. Nxd4 Bd7 5. Nc3 Nc6 6. Nf3 Nf6 7. Be2 Be7 8. 0-0 0-0 9. h3 Qc8 10. Re1 Ne5 11. Nxe5 dxe5 12. Nd5 Nxd5 13. Qxd5 Bd6 14. Qd3 a6 15. a4 Be6 16. b3 Qd7 17. Ba3 Rad8 18. Bxd6 Qxd6 19. Qxd6 Rxd6 20. Rad1 Rfd8 21. Kh2 f6 22. Rxd6 Rxd6 23. Rd1 Rd4 24. Rxd4 exd4 25. f4 a5 26. f5 Bd7 27. Bc4+ Kf8 28. g4 c6 29. Kg2 b5 30. Bd3 Ke7 31. Kf2 Kd6 32. Ke1 Kc5 33. Kd1 Kb4 34. Kc1 bxa4 35. bxa4 Kxa4 36. Kb2 c5 37. Bc4 Bb5 38. Bxb5+ Kxb5 39. Kb3 c4+ 40. Kb2 Kb4 41. Kb1 a4 42. g5 d3 0-1

[Event "Merano Gold Cup 34th"]
[Site "Merano"]
[Date "2006.04.21"]
[Round "1"]
[White "Kuhn, Hans"]
[Black "Wulf, Adalbert"]
[Result "0-1"]
[WhiteElo "1317"]
[BlackElo "1755"]
[PlyCount "74"]
[EventDate "2006.04.21"]
[EventType "swiss"]
[EventRounds "9"]
[EventCountry "ITA"]
[SourceTitle "EXT 2007"]
[Source "ChessBase"]
[SourceDate "2006.11.23"]
[SourceVersion "1"]
[SourceVersionDate "2006.11.23"]
[SourceQuality "1"]

1. e4 d5 2. exd5 Nf6 3. Nc3 Nxd5 4. Qf3 e6 5. d4 Nxc3 6. Qxc3 Nc6 7. Bb5 Bd7 8. Bxc6 Bxc6 9. Nf3 Bd6 10. 0-0 0-0 11. Ne5 Bd5 12. Bf4 Rc8 13. Qg3 f6 14. Nf3 Qd7 15. b3 Bxf4 16. Qxf4 Qc6 17. Ne1 Rce8 18. c4 Be4 19. f3 Bg6 20. Rf2 e5 21. d5 exf4 22. dxc6 bxc6 23. Rd2 Rd8 24. Rad1 Rxd2 25. Rxd2 Bf5 26. Kf2 Re8 27. Nd3 g5 28. Nb4 Re6 29. Rd8+ Kf7 30. Rd7+ Kg6 31. Rxc7 Rd6 32. Rxc6 Rd2+ 33. Kg1 a5 34. Nd5 Bd3 35. Nxf6 Kf7 36. Nd5 Rd1+ 37. Kf2 Rf1# 0-1